Normal view MARC view
  • Scottish Arbitration Centre

Entry Corporate Name

Number of records used in: 1

001 - CONTROL NUMBER

  • control field: 5988

003 - CONTROL NUMBER IDENTIFIER

  • control field: OSt

005 - DATE AND TIME OF LATEST TRANSACTION

  • control field: 20190806150248.0

008 - FIXED-LENGTH DATA ELEMENTS

  • fixed length control field: 111115n| acannaabn |n ana d

040 ## - CATALOGING SOURCE

  • Original cataloging agency: OSt
  • Transcribing agency: OSt

110 2# - HEADING--CORPORATE NAME

  • Corporate name or jurisdiction name as entry element: Scottish Arbitration Centre

670 ## - SOURCE DATA FOUND

  • Source citation: Decision in first for arbitration application for leave of appeal under the Act, 2011